[Event "Sunny Beach op 10th"]
[Site "Sunny Beach"]
[Date "2011.08.31"]
[Round "5"]
[White "Gvilava, Maya"]
[Black "Stoyanov, Tsvetan"]
[Result "1-0"]
[WhiteElo "2018"]
[BlackElo "1571"]
[PlyCount "101"]
[EventDate "2011.08.27"]
[EventType "swiss"]
[EventRounds "9"]
[EventCountry "BUL"]
[SourceTitle "CBM 144 Extra"]
[Source "ChessBase"]
[SourceDate "2011.10.28"]
[SourceVersion "1"]
[SourceVersionDate "2011.10.28"]
[SourceQuality "1"]

1. e4 e5 2. Nf3 Nc6 3. Bb5 a6 4. Bxc6 dxc6 5. 0-0 Qd6 6. d4 exd4 7. Nxd4 Bd7 8. c3 0-0-0 9. Qe2 Qg6 10. Nd2 Re8 11. f4 c5 12. N4f3 f6 13. e5 Nh6 14. a3 Qf7 15. b4 Bc6 16. Rb1 Qd7 17. c4 Nf5 18. b5 Bxf3 19. Nxf3 a5 20. Rd1 Qe6 21. Qd2 b6 22. exf6 gxf6 23. Re1 Qd7 24. Rxe8+ Qxe8 25. Bb2 Bg7 26. Re1 Qd7 27. Qxd7+ Kxd7 28. Kf2 Nd6 29. Nd2 Rd8 30. Kf3 Kc8 31. Re2 Nf5 32. Kg4 Nd4 33. Bxd4 Rxd4 34. Kf5 Rd3 35. Re7 Bh6 36. Ne4 Rxa3 37. Rxh7 Ra4 38. Rxh6 Rxc4 39. Nxf6 a4 40. Rh3 Rb4 41. g4 c4 42. g5 Rb3 43. Rh8+ Kb7 44. g6 a3 45. g7 Rxb5+ 46. Ke6 a2 47. g8Q a1Q 48. Qc8+ Kc6 49. Qd7+ Kb7 50. Qxb5 Qe1+ 51. Qe5 1-0

[Event "Sunny Beach op 10th"]
[Site "Sunny Beach"]
[Date "2011.08.29"]
[Round "3"]
[White "Petkov, Matey"]
[Black "Gvilava, Maya"]
[Result "1-0"]
[WhiteElo "1622"]
[BlackElo "2018"]
[PlyCount "73"]
[EventDate "2011.08.27"]
[EventType "swiss"]
[EventRounds "9"]
[EventCountry "BUL"]
[SourceTitle "CBM 144 Extra"]
[Source "ChessBase"]
[SourceDate "2011.10.28"]
[SourceVersion "1"]
[SourceVersionDate "2011.10.28"]
[SourceQuality "1"]

1. d4 Nf6 2. Bg5 g6 3. Bxf6 exf6 4. e3 Bg7 5. c4 0-0 6. Nc3 d6 7. g3 f5 8. Bg2 Nd7 9. Nge2 Nf6 10. 0-0 Re8 11. d5 Ne4 12. Nxe4 fxe4 13. Nd4 Bd7 14. Qd2 Qc8 15. Rfc1 Bh3 16. Bh1 c5 17. dxc6 bxc6 18. c5 d5 19. b4 a6 20. a4 Rb8 21. Rab1 Bd7 22. Bg2 Re5 23. Bf1 Rh5 24. b5 axb5 25. axb5 Bxd4 26. Qxd4 cxb5 27. c6 Bh3 28. Be2 Rh6 29. c7 Rb7 30. Rxb5 Rxc7 31. Rxc7 Qxc7 32. Rxd5 Qc1+ 33. Bd1 f5 34. Rd8+ Kf7 35. Qd7+ Kf6 36. Rf8+ Ke5 37. Re8+ 1-0

[Event "Kesarovski Georgiev Memorial 9th"]
[Site "Sunny Beach"]
[Date "2010.08.29"]
[Round "2"]
[White "Chervenkov, Dinko"]
[Black "Gvilava, Maya"]
[Result "0-1"]
[WhiteElo "1829"]
[BlackElo "2039"]
[PlyCount "91"]
[EventDate "2010.08.28"]
[EventType "swiss"]
[EventRounds "9"]
[EventCountry "BUL"]
[SourceTitle "CBM 138 Extra"]
[Source "ChessBase"]
[SourceDate "2010.10.29"]
[SourceVersion "1"]
[SourceVersionDate "2010.10.29"]
[SourceQuality "1"]

1. g3 Nf6 2. d4 d5 3. Bg2 g6 4. Nf3 Bg7 5. Nc3 0-0 6. Ne5 c6 7. Bf3 Bh3 8. e3 Nbd7 9. Nd3 Bf5 10. h4 h5 11. Bg2 Ne4 12. Nxe4 dxe4 13. Nf4 e5 14. Ne2 exd4 15. exd4 Re8 16. Be3 Nb6 17. b3 Nd5 18. Qd2 a5 19. 0-0 Bg4 20. Nc3 Nxc3 21. Qxc3 Qd5 22. Qd2 c5 23. c4 Qd7 24. dxc5 Qxd2 25. Bxd2 Bxa1 26. Rxa1 f5 27. Bf1 Red8 28. Bc3 Rd7 29. a3 Rad8 30. Bxa5 Rd1 31. Ra2 Ra8 32. b4 Bh3 33. f3 Bxf1 34. Kf2 Bxc4 35. Rc2 Rf1+ 36. Ke3 Rxf3+ 37. Kd4 Bb3 38. Rb2 Rd3+ 39. Ke5 Re8+ 40. Kf4 Rf3+ 41. Kg5 Rxg3+ 42. Kh6 Kf7 43. Kh7 g5 44. Bc7 Rf3 45. b5 gxh4 46. Be5 0-1

[Event "Wch U18 Girls"]
[Site "Kemer"]
[Date "2009.11.15"]
[Round "4"]
[White "Brunello, Marina"]
[Black "Gvilava, Maya"]
[Result "0-1"]
[WhiteElo "2158"]
[BlackElo "2061"]
[PlyCount "66"]
[EventDate "2009.11.12"]
[EventType "swiss"]
[EventRounds "11"]
[EventCountry "TUR"]
[SourceTitle "EXT 2010"]
[Source "ChessBase"]
[SourceDate "2010.11.25"]
[SourceVersion "1"]
[SourceVersionDate "2010.11.25"]
[SourceQuality "1"]

1. e4 c5 2. Nc3 Nc6 3. Bb5 g6 4. Bxc6 bxc6 5. d3 Bg7 6. f4 d6 7. Nf3 Nf6 8. 0-0 0-0 9. Qe1 Ne8 10. Qh4 f5 11. Ng5 h6 12. Nf3 Nf6 13. Bd2 c4 14. e5 dxe5 15. fxe5 Ng4 16. h3 g5 17. Qe1 Nxe5 18. Nxe5 Qd4+ 19. Kh1 Qxe5 20. Qxe5 Bxe5 21. Rae1 Bf6 22. dxc4 e5 23. Na4 e4 24. b3 Kg7 25. Bb4 Re8 26. Bc5 f4 27. Rd1 e3 28. Rd6 g4 29. Bd4 Bxd4 30. Rxd4 e2 31. Re1 f3 32. Kg1 Rf8 33. Kf2 g3+ 0-1

[Event "RSSU-18 op"]
[Site "Moscow"]
[Date "2009.10.22"]
[Round "4"]
[White "Gvilava, Maya"]
[Black "Paramzina, Anastasya"]
[Result "1-0"]
[WhiteElo "2063"]
[BlackElo "1712"]
[PlyCount "107"]
[EventDate "2009.10.17"]
[EventType "swiss"]
[EventRounds "9"]
[EventCountry "RUS"]
[SourceTitle "EXT 2022"]
[Source "ChessBase"]
[SourceDate "2021.10.06"]
[SourceVersion "1"]
[SourceVersionDate "2021.10.06"]
[SourceQuality "1"]

1. d4 d5 2. c4 e6 3. Nc3 Nf6 4. Nf3 c6 5. Bf4 Bd6 6. Bxd6 Qxd6 7. e3 Nbd7 8. Bd3 dxc4 9. Bxc4 b5 10. Bd3 a6 11. 0-0 Bb7 12. Rc1 Rd8 13. Qc2 0-0 14. Rfd1 Nb6 15. e4 Qe7 16. e5 Nfd5 17. Bxh7+ Kh8 18. Be4 Rg8 19. Qd2 g5 20. Nxd5 cxd5 21. Bd3 Nc4 22. Qe2 g4 23. Ne1 Rc8 24. b3 Nb6 25. Rxc8 Nxc8 26. Rc1 Na7 27. Qe3 Kg7 28. Qf4 Kf8 29. Be2 Nc6 30. Bxg4 Qg5 31. Qxg5 Rxg5 32. h3 Nxd4 33. Rc7 Bc6 34. f4 Rg7 35. Nf3 Nxf3+ 36. Bxf3 Be8 37. Ra7 f5 38. Rxa6 Re7 39. Kf2 d4 40. Ke2 b4 41. Rb6 Ra7 42. Rxb4 Rxa2+ 43. Kd3 Ra6 44. Kxd4 Ra7 45. Rb7 Rxb7 46. Bxb7 Bh5 47. Bf3 Be8 48. b4 Ke7 49. Kc5 Kd8 50. b5 Kc7 51. b6+ Kb8 52. Kd6 Bd7 53. b7 Bb5 54. Kxe6 1-0

[Event "RSSU-18 op"]
[Site "Moscow"]
[Date "2009.10.20"]
[Round "3"]
[White "Zavialov, Vladimir"]
[Black "Gvilava, Maya"]
[Result "1-0"]
[WhiteElo "2161"]
[BlackElo "2063"]
[PlyCount "83"]
[EventDate "2009.10.17"]
[EventType "swiss"]
[EventRounds "9"]
[EventCountry "RUS"]
[SourceTitle "EXT 2022"]
[Source "ChessBase"]
[SourceDate "2021.10.06"]
[SourceVersion "1"]
[SourceVersionDate "2021.10.06"]
[SourceQuality "1"]

1. d4 Nf6 2. Nf3 g6 3. Bf4 Bg7 4. e3 0-0 5. h3 d6 6. Bc4 c5 7. c3 Nc6 8. 0-0 Qb6 9. Qc1 Bf5 10. Nbd2 Rac8 11. g4 Bd7 12. Rb1 cxd4 13. exd4 d5 14. Bb3 h5 15. g5 Nh7 16. Bxd5 Bxh3 17. Re1 Nxd4 18. Rxe7 Be6 19. Nxd4 Bxd5 20. N2b3 f6 21. Qd2 fxg5 22. Bxg5 Bxb3 23. axb3 Bxd4 24. cxd4 Qxb3 25. Bh6 Rc2 26. Qe3 Qxe3 27. Bxe3 Rf7 28. Re8+ Kg7 29. d5 Nf6 30. Rd8 Rd7 31. Rxd7+ Nxd7 32. b4 Kf7 33. Kh2 Ke7 34. Kg3 Nf6 35. Rd1 Ne4+ 36. Kf3 Nc3 37. d6+ Kd7 38. Rg1 Kxd6 39. Rxg6+ Kd7 40. Bxa7 Rb2 41. Bc5 Nd5 42. Rd6+ 1-0

[Event "Vladimir op-B"]
[Site "Vladimir"]
[Date "2009.08.27"]
[Round "8"]
[White "Belskiy, Artem"]
[Black "Gvilava, Maya"]
[Result "0-1"]
[WhiteElo "1528"]
[BlackElo "2052"]
[PlyCount "35"]
[EventDate "2009.08.19"]
[EventType "swiss"]
[EventRounds "9"]
[EventCountry "RUS"]
[SourceTitle "EXT 2012"]
[Source "ChessBase"]
[SourceDate "2011.11.24"]
[SourceVersion "1"]
[SourceVersionDate "2011.11.24"]
[SourceQuality "1"]

1. d4 Nf6 2. c4 g6 3. Nc3 Bg7 4. Nf3 0-0 5. e4 d6 6. Be2 e5 7. dxe5 dxe5 8. Qxd8 Rxd8 9. Bg5 Re8 10. 0-0-0 Na6 11. Nd2 c6 12. Nb3 Be6 13. f3 h6 14. Be3 b6 15. Rd6 Bf8 16. Rd2 Red8 17. Rhd1 Rxd2 18. Rxd2 0-1

[Event "RUS-chB U18"]
[Site "Dagomys"]
[Date "2009.04.23"]
[Round "9"]
[White "Kazennova, Daria"]
[Black "Gvilava, Maya"]
[Result "1/2-1/2"]
[WhiteElo "1952"]
[BlackElo "2055"]
[PlyCount "52"]
[EventDate "2009.04.15"]
[EventType "swiss"]
[EventRounds "9"]
[EventCountry "RUS"]
[SourceTitle "EXT 2010"]
[Source "ChessBase"]
[SourceDate "2010.11.25"]
[SourceVersion "1"]
[SourceVersionDate "2010.11.25"]
[SourceQuality "1"]

1. e4 c5 2. Nf3 Nc6 3. d4 cxd4 4. Nxd4 Nf6 5. Nc3 d6 6. f3 e5 7. Nb3 Be7 8. Be3 0-0 9. Qd2 a5 10. Bb5 Na7 11. Be2 Bd7 12. 0-0 a4 13. Nc1 Nc6 14. a3 Qa5 15. N1a2 Rfd8 16. Rfd1 Be6 17. Nd5 Qxd2 18. Rxd2 Bxd5 19. exd5 Na5 20. Nc3 Rdc8 21. Rad1 Nc4 22. Bxc4 Rxc4 23. Na2 Rac8 24. Nc3 Ra8 25. Na2 Rac8 26. Nc3 Ra8 1/2-1/2

[Event "RUS-chB U18"]
[Site "Dagomys"]
[Date "2009.04.20"]
[Round "6"]
[White "Gvilava, Maya"]
[Black "Markelova, Lubov"]
[Result "0-1"]
[WhiteElo "2055"]
[BlackElo "1980"]
[PlyCount "88"]
[EventDate "2009.04.15"]
[EventType "swiss"]
[EventRounds "9"]
[EventCountry "RUS"]
[SourceTitle "EXT 2010"]
[Source "ChessBase"]
[SourceDate "2010.11.25"]
[SourceVersion "1"]
[SourceVersionDate "2010.11.25"]
[SourceQuality "1"]

1. d4 d5 2. c4 c6 3. Nf3 Nf6 4. e3 Bf5 5. Nc3 e6 6. Be2 Be7 7. 0-0 0-0 8. Nh4 Bg6 9. Nxg6 hxg6 10. f3 c5 11. cxd5 exd5 12. Qb3 Qd7 13. Rd1 c4 14. Qc2 Nc6 15. b3 cxb3 16. axb3 Rfc8 17. Bd2 Bb4 18. Qb2 Qe7 19. Kf2 Re8 20. Rdc1 Rac8 21. Nd1 Bd6 22. g3 Qe6 23. Kg2 Qf5 24. Bb5 g5 25. h3 g6 26. Nf2 Qd7 27. Rxa7 Bb8 28. Bxc6 Rxc6 29. Rxc6 Qxc6 30. Ra1 Qd6 31. Nh1 Nh5 32. Qa3 Qd7 33. Qa4 Qe6 34. Re1 Rc8 35. b4 Qd6 36. f4 Nf6 37. Nf2 Qe6 38. Qd1 Ne4 39. Re2 gxf4 40. gxf4 Kg7 41. Nxe4 Qxe4+ 42. Kh2 Qf3 43. Be1 Re8 44. Bg3 Rxe3 0-1

[Event "Moscow op-A 04th"]
[Site "Moscow"]
[Date "2008.02.04"]
[Round "3"]
[White "Lyaskovsky, Valentin"]
[Black "Gvilava, Maya"]
[Result "0-1"]
[WhiteElo "2297"]
[BlackElo "2039"]
[PlyCount "80"]
[EventDate "2008.02.02"]
[EventType "swiss"]
[EventRounds "9"]
[EventCountry "RUS"]
[SourceTitle "CBM 122 Extra"]
[Source "ChessBase"]
[SourceDate "2008.03.04"]
[SourceVersion "1"]
[SourceVersionDate "2008.03.04"]
[SourceQuality "1"]

1. e4 c5 2. Nf3 Nc6 3. d4 cxd4 4. Nxd4 Nf6 5. Nc3 d6 6. Bg5 e6 7. Qd2 Qb6 8. Nb3 Be7 9. f3 0-0 10. 0-0-0 Rd8 11. Nb5 Rd7 12. Be3 Qd8 13. N5d4 Ne5 14. Bb5 Rc7 15. g4 a6 16. Be2 Nc4 17. Bxc4 Rxc4 18. h4 Bd7 19. Kb1 a5 20. h5 a4 21. Nc1 Rac8 22. g5 Ne8 23. g6 Qc7 24. h6 fxg6 25. hxg7 Kxg7 26. f4 Nf6 27. f5 e5 28. fxg6 hxg6 29. Bg5 Rxd4 30. Nd3 Nxe4 31. Bh6+ Kf7 32. Qg2 Bf5 33. Be3 Rc4 34. Rh7+ Ke6 35. Qh2 Rxc2 36. Qh6 Rxb2+ 37. Kxb2 Qc3+ 38. Kb1 Qc2+ 39. Ka1 Qxd1+ 40. Nc1 a3 0-1

[Event "Moscow op-A 04th"]
[Site "Moscow"]
[Date "2008.02.03"]
[Round "2"]
[White "Gvilava, Maya"]
[Black "Rjabzev, Konstantin"]
[Result "0-1"]
[WhiteElo "2039"]
[BlackElo "2332"]
[PlyCount "46"]
[EventDate "2008.02.02"]
[EventType "swiss"]
[EventRounds "9"]
[EventCountry "RUS"]
[SourceTitle "CBM 122 Extra"]
[Source "ChessBase"]
[SourceDate "2008.03.04"]
[SourceVersion "1"]
[SourceVersionDate "2008.03.04"]
[SourceQuality "1"]

1. e4 d6 2. d4 Nd7 3. Bd3 c5 4. c3 g6 5. Ne2 Bg7 6. 0-0 Ngf6 7. h3 0-0 8. Be3 b6 9. Nd2 Bb7 10. f4 cxd4 11. cxd4 e5 12. Bc2 exd4 13. Bxd4 Re8 14. Nc3 Nc5 15. Re1 Ne6 16. Be3 d5 17. exd5 Nxd5 18. Nxd5 Bxd5 19. f5 Nd4 20. fxg6 hxg6 21. Ba4 b5 22. Nb3 Nf5 23. Bxb5 Rxe3 0-1

[Event "EU-ch U16 Girls 17th"]
[Site "Sibenik"]
[Date "2007.09.21"]
[Round "8"]
[White "Babei, Angelica"]
[Black "Gvilava, Maya"]
[Result "1-0"]
[WhiteElo "1964"]
[BlackElo "2046"]
[PlyCount "38"]
[EventDate "2007.09.14"]
[EventType "swiss"]
[EventRounds "9"]
[EventCountry "CRO"]
[SourceTitle "CBM 120 Extra"]
[Source "ChessBase"]
[SourceDate "2007.11.01"]
[SourceVersion "1"]
[SourceVersionDate "2007.11.01"]
[SourceQuality "1"]

1. e4 c5 2. d3 Nc6 3. f4 g6 4. Nf3 Bg7 5. g3 d6 6. Bg2 e6 7. 0-0 Nge7 8. c3 0-0 9. Be3 Rb8 10. d4 b6 11. Bf2 Ba6 12. Re1 Qc7 13. Na3 Rfc8 14. Qd2 Rd8 15. Rad1 Na5 16. d5 exd5 17. exd5 Nc4 18. Qe2 Nxb2 19. Qxb2 Bb7 1-0

[Event "EU-ch U16 Girls 17th"]
[Site "Sibenik"]
[Date "2007.09.17"]
[Round "4"]
[White "Sikorska, Dorota"]
[Black "Gvilava, Maya"]
[Result "1-0"]
[WhiteElo "1915"]
[BlackElo "2046"]
[PlyCount "93"]
[EventDate "2007.09.14"]
[EventType "swiss"]
[EventRounds "9"]
[EventCountry "CRO"]
[SourceTitle "CBM 120 Extra"]
[Source "ChessBase"]
[SourceDate "2007.11.01"]
[SourceVersion "1"]
[SourceVersionDate "2007.11.01"]
[SourceQuality "1"]

1. e4 c5 2. Nc3 Nc6 3. g3 g6 4. Bg2 Bg7 5. d3 d6 6. Be3 e5 7. Qd2 Nge7 8. Bh6 0-0 9. h4 Bxh6 10. Qxh6 f6 11. Qd2 b5 12. Nxb5 Rb8 13. c4 a6 14. Nc3 Nd4 15. Nge2 Nec6 16. 0-0 Qa5 17. f3 Rf7 18. Rfd1 Rfb7 19. b3 Qd8 20. Rab1 a5 21. Rb2 Bd7 22. Rdb1 Qf8 23. Nc1 Qg7 24. a3 g5 25. h5 g4 26. f4 Nf3+ 27. Bxf3 gxf3 28. Kf2 Qg4 29. Nd5 Kf7 30. fxe5 Qxh5 31. Qf4 Qh2+ 32. Ke3 Qg1+ 33. Rf2 f5 34. Qg5 Rg8 35. e6+ Bxe6 36. Qf6+ Ke8 37. Qxe6+ Ne7 38. Nf6+ Kf8 39. Nxg8 Qxg3 40. Qf6+ Kxg8 41. Rxf3 Qe1+ 42. Ne2 Qxb1 43. Rg3+ Ng6 44. exf5 Rf7 45. Qe6 Qh1 46. Kd2 Qh6+ 47. Kc2 1-0

[Event "EU-ch U16 Girls 17th"]
[Site "Sibenik"]
[Date "2007.09.15"]
[Round "2"]
[White "Mijatovic, Andrea"]
[Black "Gvilava, Maya"]
[Result "1/2-1/2"]
[WhiteElo "1844"]
[BlackElo "2046"]
[PlyCount "115"]
[EventDate "2007.09.14"]
[EventType "swiss"]
[EventRounds "9"]
[EventCountry "CRO"]
[SourceTitle "CBM 120 Extra"]
[Source "ChessBase"]
[SourceDate "2007.11.01"]
[SourceVersion "1"]
[SourceVersionDate "2007.11.01"]
[SourceQuality "1"]

1. e4 c5 2. Nf3 Nc6 3. d4 cxd4 4. Nxd4 Nf6 5. Nc3 d6 6. f3 e5 7. Nb3 Be7 8. Be3 0-0 9. Qd2 a6 10. g4 b5 11. 0-0-0 Na5 12. g5 Nxb3+ 13. axb3 Ne8 14. Nd5 Rb8 15. h4 b4 16. h5 a5 17. Qg2 Kh8 18. g6 h6 19. gxf7 Rxf7 20. Bc4 Be6 21. Rdg1 Bg5 22. Bxg5 Qxg5+ 23. Qxg5 hxg5 24. h6 Kg8 25. Rxg5 Rxf3 26. Ne7+ Kf7 27. Bxe6+ Kxe6 28. Nc6 Rc8 29. h7 Nf6 30. Rxg7 Nxh7 31. Re7+ Kf6 32. Rhxh7 Kg5 33. Reg7+ Kf4 34. Nxa5 Rf1+ 35. Kd2 Rf2+ 36. Kd3 Rf3+ 37. Kd2 Rf2+ 38. Ke1 Rfxc2 39. Rh4+ Ke3 40. Nc4+ Kd3 41. Rd7 Rc1+ 42. Kf2 Rf8+ 43. Kg3 Rg8+ 44. Kh2 Kc2 45. Rxd6 Kxb3 46. Nxe5 Rc2+ 47. Kh3 Kxb2 48. Nd3+ Kc3 49. Rh7 Rc8 50. e5 b3 51. e6 Re2 52. Rhd7 Rc4 53. e7 Re3+ 54. Kg2 Rce4 55. Rc6+ Rc4 56. Rxc4+ Kxc4 57. Nb2+ Kc5 58. Kf2 1/2-1/2

[Event "EU-ch U16 Girls 17th"]
[Site "Sibenik"]
[Date "2007.09.14"]
[Round "1"]
[White "Gvilava, Maya"]
[Black "Dincel, Melodi"]
[Result "1/2-1/2"]
[WhiteElo "2046"]
[BlackElo "1794"]
[PlyCount "56"]
[EventDate "2007.09.14"]
[EventType "swiss"]
[EventRounds "9"]
[EventCountry "CRO"]
[SourceTitle "CBM 120 Extra"]
[Source "ChessBase"]
[SourceDate "2007.11.01"]
[SourceVersion "1"]
[SourceVersionDate "2007.11.01"]
[SourceQuality "1"]

1. e4 e6 2. d4 d5 3. Nd2 Nf6 4. e5 Nfd7 5. Bd3 c5 6. c3 Nc6 7. Ne2 cxd4 8. cxd4 f6 9. Nf4 Qe7 10. exf6 Nxf6 11. Nf3 Qc7 12. Qe2 Bb4+ 13. Kf1 0-0 14. Nxe6 Bxe6 15. Qxe6+ Qf7 16. Qxf7+ Rxf7 17. a3 Ba5 18. b4 Bb6 19. Bb2 Re7 20. Rd1 Ne4 21. b5 Na5 22. Bxe4 Rxe4 23. Ne5 Nc4 24. Nxc4 dxc4 25. f3 Re3 26. Bc1 Rb3 27. a4 Rd8 28. d5 Rd3 1/2-1/2

[Event "RUS-chT Clubs U18"]
[Site "Rybinsk"]
[Date "2007.08.08"]
[Round "7.16"]
[White "Gvilava, Maya"]
[Black "Skrjabina, Margarita"]
[Result "1-0"]
[WhiteElo "2046"]
[BlackElo "1608"]
[PlyCount "51"]
[EventDate "2007.08.02"]
[EventType "team-swiss"]
[EventRounds "9"]
[EventCountry "RUS"]
[SourceTitle "EXT 2022"]
[Source "ChessBase"]
[SourceDate "2021.10.06"]
[SourceVersion "1"]
[SourceVersionDate "2021.10.06"]
[SourceQuality "1"]

1. e4 d5 2. exd5 Nf6 3. Nf3 Nxd5 4. c4 Nb6 5. d4 g6 6. Nc3 Bg7 7. h3 Nc6 8. Be3 Bf5 9. g4 Bc8 10. Qd2 0-0 11. 0-0-0 a5 12. d5 Nb4 13. Bd4 Bxd4 14. Qxd4 c6 15. a3 Na6 16. dxc6 Qxd4 17. Nxd4 e5 18. Nf3 Re8 19. Ne4 Kg7 20. c5 Na4 21. Bxa6 bxa6 22. b3 Nc3 23. Nxc3 Rb8 24. Kc2 Be6 25. Nd5 f6 26. Nb6 1-0

[Event "RUS-chT Clubs U18"]
[Site "Rybinsk"]
[Date "2007.08.07"]
[Round "6.20"]
[White "Golovkina, Olga"]
[Black "Gvilava, Maya"]
[Result "1-0"]
[WhiteElo "2151"]
[BlackElo "2046"]
[PlyCount "85"]
[EventDate "2007.08.02"]
[EventType "team-swiss"]
[EventRounds "9"]
[EventCountry "RUS"]
[SourceTitle "EXT 2022"]
[Source "ChessBase"]
[SourceDate "2021.10.06"]
[SourceVersion "1"]
[SourceVersionDate "2021.10.06"]
[SourceQuality "1"]

1. e4 c5 2. Nf3 Nc6 3. Bb5 g6 4. Bxc6 dxc6 5. d3 Bg7 6. Nc3 Nf6 7. Be3 b6 8. h3 0-0 9. Qd2 Re8 10. 0-0 e5 11. Nh2 Nh5 12. g4 Nf6 13. Bh6 Bh8 14. Kh1 Be6 15. f4 exf4 16. Bg5 Qc8 17. Rxf4 Nd7 18. Raf1 f6 19. Bh6 Ne5 20. R4f2 Qd7 21. Nf3 Nf7 22. Be3 Rad8 23. Ne2 Nd6 24. Ng3 Qe7 25. Qe2 Nb5 26. Rg1 Nd4 27. Nxd4 cxd4 28. Bd2 g5 29. Rgf1 Rf8 30. b3 Qd6 31. Rf3 Qe5 32. Qf2 Bg7 33. Nh5 Bh8 34. Nxf6+ Bxf6 35. Rxf6 Rxf6 36. Qxf6 Qxf6 37. Rxf6 Re8 38. Bxg5 Kg7 39. Kg2 c5 40. Kg3 b5 41. Rf2 c4 42. Bf6+ Kg6 43. Bxd4 1-0

[Event "RUS-chT Clubs U18"]
[Site "Rybinsk"]
[Date "2007.08.02"]
[Round "1.24"]
[White "Gvilava, Maya"]
[Black "Miloserdova, Irina"]
[Result "0-1"]
[WhiteElo "2046"]
[BlackElo "1988"]
[PlyCount "64"]
[EventDate "2007.08.02"]
[EventType "team-swiss"]
[EventRounds "9"]
[EventCountry "RUS"]
[SourceTitle "EXT 2022"]
[Source "ChessBase"]
[SourceDate "2021.10.06"]
[SourceVersion "1"]
[SourceVersionDate "2021.10.06"]
[SourceQuality "1"]

1. e4 e6 2. d4 d5 3. Nd2 Nf6 4. e5 Nfd7 5. Bd3 c5 6. c3 Nc6 7. Ne2 cxd4 8. cxd4 f6 9. Nf4 Nxd4 10. Qh5+ Ke7 11. Ng6+ hxg6 12. exf6+ Nxf6 13. Qxh8 Kf7 14. 0-0 e5 15. Nf3 Nxf3+ 16. gxf3 Bf5 17. Bxf5 gxf5 18. Qh4 f4 19. Bd2 Qd7 20. Rac1 Bd6 21. Kg2 g5 22. Qh3 Qxh3+ 23. Kxh3 g4+ 24. fxg4 f3 25. Bh6 Rh8 26. g5 Kg6 27. Rg1 Kf5 28. Kh4 e4 29. Rcd1 Be5 30. Rc1 Bxh2 31. Rh1 Bf4 32. Rcg1 Ng8 0-1